000 00983nam a2200229Ia 4500
003 Ost
005 20260507075016.0
008 260507s9999||||xx |||||||||||||| ||und||
020 _a4040249957
040 _cfsecg
041 _aara
082 _a910.031732
100 _aالهيثي، صبري فارس
_eمؤلف
245 0 _aجغرافية المدن /
_c صبري فارس الهيثي
260 _aعمان:
_bدار صفاء,
_c2002
300 _a256 صفحة؛
_bإيضاحات ؛
_c24 سم
520 _aأهمية دراسة جغرافية المدن - التحضير والحضرية - نظريات التركيب الداخلي - نظرية الأماكن المركزية -تصنيف المدن - الوظيفة السكنية - الوظيفة التجارية في المدينة - الوظيفة الترفيهية
653 _aالمدن- جغرافيا
653 _aجغرافيا الحضر
653 _aجغرافيا المدن
942 _cكتاب
999 _c42212
_d42212